000 00344nam a2200145Ia 4500
008 150201s2010 xx 000 0 und d
082 _a610.73678
_bR10D
100 _aDESAI , PANKAJ
245 _aRECURRENT SPOMTANEOUS MISECRRIAGES
250 _a1ST
260 _bJAYPEE
_aDELHI
_c2010
300 _a103
650 _aNURSING
942 _2ddc
_cBK
999 _c2008
_d2008